Co-operative movement in West Bengal, (Record no. 79723)

MARC details
000 -LEADER
fixed length control field 00601nam a22002171 4500
001 - CONTROL NUMBER
control field sa 68003749
003 - CONTROL NUMBER IDENTIFIER
control field DLC
005 - DATE AND TIME OF LATEST TRANSACTION
control field 20260227112456.0
008 - FIXED-LENGTH DATA ELEMENTS--GENERAL INFORMATION
fixed length control field 710903s1966 ii 00010 eng
010 ## - LIBRARY OF CONGRESS CONTROL NUMBER
LC control number sa 68003749
025 ## - OVERSEAS ACQUISITION NUMBER
Overseas acquisition number PL480:I-E-7036
043 ## - GEOGRAPHIC AREA CODE
Geographic area code a-ii---
050 0# - LIBRARY OF CONGRESS CALL NUMBER
Classification number HD3540.A3
Item number B48
100 10 - MAIN ENTRY--PERSONAL NAME
Personal name Sen, Satyendranath.
245 10 - TITLE STATEMENT
Title Co-operative movement in West Bengal,
Statement of responsibility, etc. by S. N. Sen.
260 0# - PUBLICATION, DISTRIBUTION, ETC.
Place of publication, distribution, etc. Calcutta,
Name of publisher, distributor, etc. Bookland,
Date of publication, distribution, etc. 1966.
300 ## - PHYSICAL DESCRIPTION
Extent 63 p.
Dimensions 22 cm.
350 ## - PRICE (NR) (BK AM CF MU VM SE) [OBSOLETE]
Price Rs5
440 #0 - SERIES STATEMENT/ADDED ENTRY--TITLE
Title Rai Bahadur Manmatha Nath Bose lectures,
Volume/sequential designation 1
650 #0 - SUBJECT ADDED ENTRY--TOPICAL TERM
Topical term or geographic name entry element Cooperation
Geographic subdivision India
-- West Bengal.

No items available.

Powered by Koha